| 000 | 00952nam a2200241 a 4500 | ||
|---|---|---|---|
| 001 | 12899 | ||
| 003 | BD-JhCC | ||
| 005 | 20230601112149.0 | ||
| 008 | 230601s2022 b |||| |||| 000 0 b d | ||
| 035 | _a(BD-JhCC)12899 | ||
| 040 |
_aBD-JhCC _dBD-JhCC |
||
| 041 | _aben | ||
| 082 |
_a297.648 _bKAT 2022 |
||
| 100 | _aখাত্তাব, মাহমুদ শীত | ||
| 245 |
_aনববি কাফেলা : _bনেতৃত্ব, দক্ষতা, কুরবানি / _cমাহমুদ শীত খাত্তাব, ইফতেখার সিফাত (অনু.) |
||
| 260 |
_aঢাকা : _bরুহামা পাবলিকেশন, _c২০২২ |
||
| 300 |
_a৬১২ পৃ. : _c২২ সেমি. |
||
| 504 | _aগ্রন্থপঞ্জি সংযোজিত। | ||
| 650 | _aFriend and associates | ||
| 650 | _aIslam | ||
| 700 | _aসিফাত, ইফতেখার | ||
| 942 |
_2ddc _cBK |
||
| 999 |
_c12899 _d12899 |
||